Online
Catalog

Porno power : (Record no. 11378)

MARC details
000 -CABECERA
campo de control de longitud fija 01440cam a2200361 a 4500
001 - NÚMERO DE CONTROL
campo de control 000011695
005 - FECHA Y HORA DE LA ÚLTIMA TRANSACCIÓN
campo de control 20200929162530.0
008 - DATOS DE LONGITUD FIJA--INFORMACIÓN GENERAL
campo de control de longitud fija 921130s1978 sp a b 001 0 spa
020 ## - NÚMERO INTERNACIONAL ESTÁNDAR DEL LIBRO
Número Internacional Estándar del Libro 8424404378
035 ## - NÚMERO DE CONTROL DEL SISTEMA
Número de control de sistema (DLC) 71888406
035 ## - NÚMERO DE CONTROL DEL SISTEMA
Número de control de sistema (OCoLC)27041785
040 ## - FUENTE DE LA CATALOGACIÓN
Centro catalogador/agencia de origen DO-SdBNP
Lengua de catalogación spa
Centro/agencia transcriptor OrU
Centro/agencia modificador DLC
-- BNPHU
041 17 - CÓDIGO DE LENGUA
Código de lengua del texto/banda sonora o título independiente spa
Código de lengua original ita
Fuente del código Código de idioma MARC
082 ## - NÚMERO DE LA CLASIFICACIÓN DECIMAL DEWEY
Número de clasificación 704.9428
Número de documento/Ítem G429p, 1978
049 ## - FONDOS LOCALES (OCLC)
Fondos de biblioteca BNGR
100 1# - ENTRADA PRINCIPAL--NOMBRE DE PERSONA
Nombre de persona Giachetti, Romano.
9 (RLIN) 27723
240 10 - TÍTULO UNIFORME
Título uniforme Porno power. Pornografia e società capitalista.
Lenguaje de la obra Español.
245 10 - MENCIÓN DE TÍTULO
Título Porno power :
Resto del título Pornografía y sociedad capitalista /
Mención de responsabilidad, etc. Romano Giachetti ; traducción Roser Berdagué.
250 ## - MENCIÓN DE EDICIÓN
Mención de edición 2a ed.
260 ## - PUBLICACIÓN, DISTRIBUCIÓN, ETC.
Lugar de publicación, distribución, etc. Barcelona :
Nombre del editor, distribuidor, etc. Fontanella,
Fecha de publicación, distribución, etc. 1978.
300 ## - DESCRIPCIÓN FÍSICA
Extensión 344 p. :
Otras características físicas il. ;
Dimensiones 20 cm.
490 1# - MENCIÓN DE SERIE
Mención de serie Libros de confrontación
Designación de volumen o secuencia 7
Mención de serie Sociología
500 ## - NOTA GENERAL
Nota general En un apéndice del texto del Informe de la Comisión de Nixon sobre la pornografía y la obscenidad.
504 ## - NOTA DE BIBLIOGRAFÍA, ETC.
Nota de bibliografía, etc. Incluye referencias bibliográficas al pie de las páginas.
534 ## - NOTA SOBRE LA VERSIÓN ORIGINAL
Encabezamiento principal del original Título original en italiano:
Mención de título del original Porno power. Pornografia e società capitalista.
650 #4 - PUNTO DE ACCESO ADICIONAL DE MATERIA--TÉRMINO DE MATERIA
Término de materia o nombre geográfico como elemento de entrada Erotismo
9 (RLIN) 912
650 #4 - PUNTO DE ACCESO ADICIONAL DE MATERIA--TÉRMINO DE MATERIA
Término de materia o nombre geográfico como elemento de entrada Pornografía
9 (RLIN) 27724
650 #4 - PUNTO DE ACCESO ADICIONAL DE MATERIA--TÉRMINO DE MATERIA
Término de materia o nombre geográfico como elemento de entrada Arte erótico
9 (RLIN) 27725
650 #4 - PUNTO DE ACCESO ADICIONAL DE MATERIA--TÉRMINO DE MATERIA
Término de materia o nombre geográfico como elemento de entrada Literatura inmoral
9 (RLIN) 27726
710 1# - PUNTO DE ACCESO ADICIONAL--NOMBRE DE ENTIDAD CORPORATIVA
Nombre de entidad corporativa o nombre de jurisdicción como elemento de entrada Estados Unidos.
Unidad subordinada La Comisión sobre la obscenidad y la pornografía.
9 (RLIN) 27727
830 #0 - PUNTO DE ACCESO ADICIONAL DE SERIE-TÍTULO UNIFORME
Título uniforme Libros de confrontación ;
Designación de volumen o secuencia 7
Nombre de parte o sección de la obra Sociología
9 (RLIN) 27728
910 ## - DATOS DE OPCIÓN DEL USUARIO (OCLC)
Datos de opción del usuario Catalogación derivada
Holdings
Estado de retiro Estado de pérdida Restricciones de uso No para préstamo Código de colección Localización permanente Ubicación/localización actual Ubicación en estantería Fecha de adquisición Número de inventario Total de préstamos Signatura topográfica completa Código de barras Fecha visto por última vez Precio válido a partir de Tipo de ítem Koha
    Préstamo interno   Monografías: Libros y Folletos General General En catalogación 23.10.2009 LF1   704.9428 G429p, 1978 11695-10 25.06.2020 25.06.2020 Préstamo interno

Powered by Koha